00701 2200241 4500001002100000005001500021035002000036007000300056008004100059020002200100082001800122084002400140100002700164245010500191250001000296260004600306300003500352650002000387700002000407990000900427990001100436990001200447INLIS00000000000520720200123102353 a0010-0120000292ta200123 f 0 ind  a978-979-19634-8-0 aR.398.209 598 aR.398.209 598 AKH k0 aAKHMAD, Elvian; SUHADA1 aKumpulan Cerita Rakyat Kera & Lutung Berebut Kelekak /cAkhmad Elvian, Suhada editor; Willy Siswanto acet.2 aPangkal pinang :bDinas pariwisata,c2014 axvi, 134 hlm :bilus. ;c21 cm 4aTERBITAN DAERAH0 aWILLY, Siswanto a4031 a4105 a a4105 b